BUBT Library Online Catalog

আমার একাত্তর / (Record no. 6628)

000 -LEADER
fixed length control field 00787nam a22002057a 4500
003 - CONTROL NUMBER IDENTIFIER
control field BUBTL
008 - FIXED-LENGTH DATA ELEMENTS--GENERAL INFORMATION
fixed length control field 220110b ||||| |||| 00| 0 eng d
020 ## - INTERNATIONAL STANDARD BOOK NUMBER
International Standard Book Number 9844651255
082 ## - DEWEY DECIMAL CLASSIFICATION NUMBER
Classification number 954.92/ An55a/ 1997
100 ## - MAIN ENTRY--PERSONAL NAME
9 (RLIN) 4480
Personal name আনিসুজ্জামান
245 ## - TITLE STATEMENT
Title আমার একাত্তর /
Statement of responsibility, etc. আনিসুজ্জামান
250 ## - EDITION STATEMENT
Edition statement 1st Edn.
260 ## - PUBLICATION, DISTRIBUTION, ETC. (IMPRINT)
Place of publication, distribution, etc. ঢাকা:
Name of publisher, distributor, etc. সাহিত্য প্রকাশ,
Date of publication, distribution, etc. c19997
300 ## - PHYSICAL DESCRIPTION
Extent 201 p. :
Dimensions 22 cm.
505 ## - FORMATTED CONTENTS NOTE
Formatted contents note আমার একাত্তর, একাত্তর, আনিসুজ্জামান, মুক্তিযুদ্ধ
650 #0 - SUBJECT ADDED ENTRY--TOPICAL TERM
9 (RLIN) 1755
Topical term or geographic name as entry element মুক্তিযুদ্ধ
856 ## - ELECTRONIC LOCATION AND ACCESS
Password 0
Logon 0
Link text Download
942 ## - ADDED ENTRY ELEMENTS (KOHA)
Source of classification or shelving scheme
Koha item type Books
Holdings
Withdrawn status Lost status Source of classification or shelving scheme Damaged status Not for loan Collection code Permanent location Current location Shelving location Date acquired Source of acquisition Inventory number Total Checkouts Full call number Barcode Date last seen Copy number Price effective from Koha item type
          Historical Books Bangladesh University of Business and Technology Library Bangladesh University of Business and Technology Library Historical Books 10/29/2016 Purchase 22835   954.92/ An55a/ 1997 BUBTL-200322835 01/10/2022 C-1 01/10/2022 Books
          Non-fiction Bangladesh University of Business and Technology Library Bangladesh University of Business and Technology Library Historical Books 10/23/2016 Purchase 22836   954.92/ An55a/ 1997 BUBTL-200322836 11/23/2022 C-2 11/23/2022 Books

More Information About Library

Library Hours

  • Open: 9.00 am. to 9.00 pm.
  • Only Sunday: 9.00 am. to 6.00 pm.
  • Closed: Holiday

Contact to the University

Bangladesh University of Business and Technology Library

  • Mirpurl-2, 1216.
  • Phone:
  • Fax:
  • E-Mail: admin.library@bubt.edu.bd

Contact to the Library

Contact Person:

Md. Abdul Hakim Shah
Joint Librarian
PABX No:  113
Cell No: 01816332931
E-mail: official: admin.library@bubt.edu.bd
Personal: hakim.shah@bubt.edu.bd


BUBT Library

Copyright © 2021